| 000 | 00338nam a22001457a 4500 | ||
|---|---|---|---|
| 003 | SGT | ||
| 020 | _a9788131251652 | ||
| 082 |
_a346.08 _bAHU |
||
| 100 | _aAHUJA , V K | ||
| 245 | _aLAW RELATING TO INTELLECTUAL PROPERTY RIGHTS | ||
| 250 | _a3 | ||
| 260 |
_aGURGAON _bLEXIS NEXIS _c2022 |
||
| 300 | _aLXXVIII ,769 | ||
| 942 |
_2ddc _cBK _017 |
||
| 999 |
_c23055 _d23055 |
||